000 01047cab a2200253 4500
001 ABS59577
008 090401t1998 xxu||||| |||| 00| 0 eng d
035 _a(Sirsi) u89981
041 _aeng
100 _aInnes, J.M.
245 4 _aThe costs provisions of the Arbitration Act 1996
260 _c1998
350 _a0
490 _aArbitration
_v64(4) November 1998, 300-303(4)
520 _aSections 59 to 65 of the Arbitration Act 1996 cover the costs in arbitration and provide for how they should be assessed and allocated between the parties. Consideration is given to the discretion of the tribunal, the parties` agreement to allocation of recoverable costs, determination of costs, and indemnity costs.
650 _aALLOCATION OF COSTS
650 _aARBITRATION ACT 1996 SS59-65
650 _aARBITRATION COSTS
650 _aDETERMINATION
650 _aINDEMNITY BASIS
690 _aMANAGEMENT-DISPUTE AVOIDANCE, MANAGEMENT AND RESOLUTION-DISPUTE MANAGEMENT AND RESOLUTION-ARBITRATION
942 _n0
948 _c27/11/1998
999 _c56977
_d56977